01151nac a22003011i 4500003000900000005001700009008004100026020001500067020001800082040004300100082001900143100004300162245014900205250001900354264004400373264001000417300006500427336002600492337002800518338002700546500002000573650003600593655001700629700003900646942001200685999001500697952013700712EG-ScBUE20241217100853.0241217t1995 maua f 001 0 eng d a0669355135 a9780669355130 aEG-ScBUEbengerdacEG-ScBUEdEG-ScBUE04a519.5bBRA2221 aBrase, Charles Henry, eauthor.10aUnderstandable statistics :bconcepts and methods /cCharles Henry Brase, Regis University, Corrinne Pellillo Brase, Arapahoe Community College. aFifth edition. 1aLexington, Mass. :bD.C. Heath,c[1995] 4cc1995 axxiii, 849, 131 pages :billustrations (some color) ;c24 cm 2rdacontentatextbtxt aunmediated2rdamediabn avolumebnc2rdacarrier aIncludes index. 7aMathematical statistics.2BUEsh vReading book1 aBrase, Corrinne Pellillo,eauthor. cBB2ddc c9307d9307 00102ddc40708BaccahaMAINbMAINc1STd2008-04-30ePurchasel0o519.5 BRAp000011230r2025-07-15 00:00:00v131.80w2008-04-30yBB